<?xml version="1.0" encoding="UTF-8"?><?xml-stylesheet type="text/xsl" href="static/style.xsl"?><OAI-PMH xmlns="http://www.openarchives.org/OAI/2.0/" xmlns:xsi="http://www.w3.org/2001/XMLSchema-instance" xsi:schemaLocation="http://www.openarchives.org/OAI/2.0/ http://www.openarchives.org/OAI/2.0/OAI-PMH.xsd"><responseDate>2026-04-17T14:19:28Z</responseDate><request verb="GetRecord" identifier="oai:www.recercat.cat:10230/54493" metadataPrefix="marc">https://recercat.cat/oai/request</request><GetRecord><record><header><identifier>oai:recercat.cat:10230/54493</identifier><datestamp>2025-12-25T19:57:14Z</datestamp><setSpec>com_2072_6</setSpec><setSpec>col_2072_452954</setSpec></header><metadata><record xmlns="http://www.loc.gov/MARC21/slim" xmlns:dcterms="http://purl.org/dc/terms/" xmlns:xsi="http://www.w3.org/2001/XMLSchema-instance" xmlns:doc="http://www.lyncode.com/xoai" xsi:schemaLocation="http://www.loc.gov/MARC21/slim http://www.loc.gov/standards/marcxml/schema/MARC21slim.xsd">
   <leader>00925njm 22002777a 4500</leader>
   <datafield ind2=" " ind1=" " tag="042">
      <subfield code="a">dc</subfield>
   </datafield>
   <datafield ind2=" " ind1=" " tag="720">
      <subfield code="a">Rodríguez Díaz, Sandra</subfield>
      <subfield code="e">author</subfield>
   </datafield>
   <datafield ind2=" " ind1=" " tag="260">
      <subfield code="c">2022-10-19T18:39:24Z</subfield>
   </datafield>
   <datafield ind2=" " ind1=" " tag="260">
      <subfield code="c">2022-10-19T18:39:24Z</subfield>
   </datafield>
   <datafield ind2=" " ind1=" " tag="260">
      <subfield code="c">2022</subfield>
   </datafield>
   <datafield ind2=" " ind1=" " tag="520">
      <subfield code="a">Treball de fi de grau del Grau en Enginyeria de Xarxes de Telecomunicació</subfield>
   </datafield>
   <datafield ind2=" " ind1=" " tag="520">
      <subfield code="a">Tutors: Patricia Santos Rodríguez, Miriam Calvera Isabal</subfield>
   </datafield>
   <datafield ind2=" " ind1=" " tag="520">
      <subfield code="a">La ciencia ciudadana es una forma de hacer ciencia que está teniendo un gran auge&#xd;
gracias al avance y la fácil accesibilidad de las nuevas tecnologías. No obstante, la falta&#xd;
de promoción de los proyectos y su dispersión por diferentes canales dificulta la&#xd;
captación de participantes dispuestos a colaborar.&#xd;
Hertha ha sido diseñada y desarrollada para superar las dificultades con las que se&#xd;
encuentran tanto los coordinadores de proyectos como los ciudadanos, y así contribuir&#xd;
con la expansión de la ciencia ciudadana.&#xd;
La solución implementada ofrece una aplicación web que permite compartir, consultar y&#xd;
administrar proyectos de ciencia ciudadana, junto con una API que a su vez permite la&#xd;
interacción desde otras plataformas. Creadas a partir del replanteamiento de un&#xd;
prototipo existente, con un nuevo diseño e implementación con la posterior validación y&#xd;
verificación por parte de un grupo tanto de expertos como no expertos en el ámbito de&#xd;
la ciencia ciudadana.</subfield>
   </datafield>
   <datafield ind2=" " ind1=" " tag="520">
      <subfield code="a">La ciència ciutadana és una manera de fer ciència que està tenint un gran auge gràcies&#xd;
a l&amp;apos;avanç i la fàcil accessibilitat de les noves tecnologies. No obstant això, la falta de&#xd;
promoció dels projectes i la seva dispersió per diferents canals dificulta la captació de&#xd;
participants disposats a col·laborar.&#xd;
Hertha ha estat dissenyada i desenvolupada per a superar les dificultats amb les quals&#xd;
es troben tant els coordinadors de projectes com els ciutadans, i així contribuir amb&#xd;
l&amp;apos;expansió de la ciència ciutadana.&#xd;
La solució implementada ofereix una aplicació web que permet compartir, consultar i&#xd;
administrar projectes de ciència ciutadana, juntament amb una API que al seu torn&#xd;
permet la interacció des d&amp;apos;altres plataformes. Creades a partir del replantejament d&amp;apos;un&#xd;
prototip existent, amb un nou disseny i implementació amb la posterior validació i&#xd;
verificació per part d&amp;apos;un grup tant d&amp;apos;experts com no experts en l&amp;apos;àmbit de la ciència&#xd;
ciutadana</subfield>
   </datafield>
   <datafield ind2=" " ind1=" " tag="520">
      <subfield code="a">Citizen science is a way of doing science that is growing thanks to the progress and easy&#xd;
accessibility of new technologies. However, the lack of promotion of the projects and&#xd;
their dispersion though different channels makes it difficult to catch participants willing to&#xd;
collaborate.&#xd;
Hertha has been designed and developed to overcome the difficulties encountered by&#xd;
project coordinators and citizens, and this way contribute to the expansion of citizen&#xd;
science.&#xd;
The implemented solution offers a web application that allows sharing, consulting and&#xd;
managing citizen science projects, together with an API which allows interaction from&#xd;
other platforms. Created from the reconsideration of an existing prototype, with a new&#xd;
design and implementation with subsequent validation and verification by a group of both&#xd;
experts and non-experts in the field of citizen science</subfield>
   </datafield>
   <datafield ind2="0" ind1="0" tag="245">
      <subfield code="a">Hertha: diseño y desarrollo de una plataforma online que aproxima la ciencia a los ciudadanos</subfield>
   </datafield>
</record></metadata></record></GetRecord></OAI-PMH>